<?xml version="1.0" encoding="UTF-8"?>
<collection xmlns="http://www.loc.gov/MARC21/slim">
 <record>
  <leader>01682nam a22002537a 4500</leader>
  <controlfield tag="001">NCT_35440</controlfield>
  <controlfield tag="008">180516b        xxu||||| |||| 00| 0 vie d</controlfield>
  <datafield tag="999" ind1=" " ind2=" ">
   <subfield code="c">1710</subfield>
   <subfield code="d">1710</subfield>
  </datafield>
  <datafield tag="020" ind1=" " ind2=" ">
   <subfield code="a">9786047309450</subfield>
   <subfield code="c">59000</subfield>
  </datafield>
  <datafield tag="082" ind1="0" ind2="4">
   <subfield code="2">23rd ed.</subfield>
   <subfield code="a">668</subfield>
   <subfield code="b">Ch312</subfield>
  </datafield>
  <datafield tag="100" ind1="1" ind2=" ">
   <subfield code="a">Vương Ngọc Chính</subfield>
  </datafield>
  <datafield tag="245" ind1="1" ind2="0">
   <subfield code="a">Hương liệu mỹ phẩm</subfield>
   <subfield code="c">Vương Ngọc Chính</subfield>
  </datafield>
  <datafield tag="250" ind1=" " ind2=" ">
   <subfield code="a">Tái bản lần thứ 2, có sữa chữa bổ sung</subfield>
  </datafield>
  <datafield tag="260" ind1=" " ind2=" ">
   <subfield code="a">Tp. Hồ Chí Minh</subfield>
   <subfield code="b">2012</subfield>
   <subfield code="c">Đại học Quốc Gia</subfield>
  </datafield>
  <datafield tag="300" ind1=" " ind2=" ">
   <subfield code="a">490 tr.</subfield>
   <subfield code="b">Minh họa</subfield>
   <subfield code="c">24cm</subfield>
  </datafield>
  <datafield tag="500" ind1=" " ind2=" ">
   <subfield code="a">ĐTTS ghi: Đại học Quốc Gia TP Hồ Chí Minh                  Trường Đại học Bách Khoa</subfield>
  </datafield>
  <datafield tag="520" ind1=" " ind2=" ">
   <subfield code="a">Nội dung sách gồm 2 phần: Phần 1 từ chương 1 đến chương 9 trình bày về hóa hương liệu, phần 2 từ chương 10 đến chương 18 trình bày các nội dung về hóa mỹ phẩm</subfield>
  </datafield>
  <datafield tag="653" ind1=" " ind2=" ">
   <subfield code="a">Dược học</subfield>
  </datafield>
  <datafield tag="942" ind1=" " ind2=" ">
   <subfield code="2">ddc</subfield>
   <subfield code="c">BK</subfield>
  </datafield>
  <datafield tag="952" ind1=" " ind2=" ">
   <subfield code="0">0</subfield>
   <subfield code="1">0</subfield>
   <subfield code="2">ddc</subfield>
   <subfield code="4">0</subfield>
   <subfield code="6">668_000000000000000_CH312</subfield>
   <subfield code="7">0</subfield>
   <subfield code="9">8179</subfield>
   <subfield code="a">000001</subfield>
   <subfield code="b">000001</subfield>
   <subfield code="d">2018-05-16</subfield>
   <subfield code="o">668 Ch312</subfield>
   <subfield code="p">MD.09156</subfield>
   <subfield code="r">2018-05-16</subfield>
   <subfield code="v">59000.00</subfield>
   <subfield code="w">2018-05-16</subfield>
   <subfield code="y">BK</subfield>
  </datafield>
  <datafield tag="952" ind1=" " ind2=" ">
   <subfield code="0">0</subfield>
   <subfield code="1">0</subfield>
   <subfield code="2">ddc</subfield>
   <subfield code="4">0</subfield>
   <subfield code="6">668_000000000000000_CH312</subfield>
   <subfield code="7">0</subfield>
   <subfield code="9">8180</subfield>
   <subfield code="a">000001</subfield>
   <subfield code="b">000001</subfield>
   <subfield code="d">2018-05-16</subfield>
   <subfield code="o">668 Ch312</subfield>
   <subfield code="p">MD.09158</subfield>
   <subfield code="r">2018-05-16</subfield>
   <subfield code="v">59000.00</subfield>
   <subfield code="w">2018-05-16</subfield>
   <subfield code="y">BK</subfield>
  </datafield>
  <datafield tag="952" ind1=" " ind2=" ">
   <subfield code="0">0</subfield>
   <subfield code="1">0</subfield>
   <subfield code="2">ddc</subfield>
   <subfield code="4">0</subfield>
   <subfield code="6">668_000000000000000_CH312</subfield>
   <subfield code="7">0</subfield>
   <subfield code="9">8181</subfield>
   <subfield code="a">000001</subfield>
   <subfield code="b">000001</subfield>
   <subfield code="d">2018-05-16</subfield>
   <subfield code="l">1</subfield>
   <subfield code="o">668 Ch312</subfield>
   <subfield code="p">MD.09159</subfield>
   <subfield code="r">2020-10-27</subfield>
   <subfield code="s">2020-09-07</subfield>
   <subfield code="v">59000.00</subfield>
   <subfield code="w">2018-05-16</subfield>
   <subfield code="y">BK</subfield>
  </datafield>
  <datafield tag="952" ind1=" " ind2=" ">
   <subfield code="0">0</subfield>
   <subfield code="1">0</subfield>
   <subfield code="2">ddc</subfield>
   <subfield code="4">0</subfield>
   <subfield code="6">668_000000000000000_CH312</subfield>
   <subfield code="7">0</subfield>
   <subfield code="9">8182</subfield>
   <subfield code="a">000001</subfield>
   <subfield code="b">000001</subfield>
   <subfield code="d">2018-05-16</subfield>
   <subfield code="l">2</subfield>
   <subfield code="o">668 Ch312</subfield>
   <subfield code="p">MD.09160</subfield>
   <subfield code="r">2020-01-02</subfield>
   <subfield code="s">2019-12-21</subfield>
   <subfield code="v">59000.00</subfield>
   <subfield code="w">2018-05-16</subfield>
   <subfield code="y">BK</subfield>
  </datafield>
  <datafield tag="980" ind1=" " ind2=" ">
   <subfield code="a">Thư viện Trường Đại học Nam Cần Thơ</subfield>
  </datafield>
 </record>
</collection>
